Quiz Mort subite - Les marques du groupe LVMH - Statistiques

Statistiques générales
  • Ce quiz a été pris 31 fois
  • Le résultat moyen est 2 sur 16
Answers on the Grid
Answers color-coded by a green-red scale on the quiz's grid according to % correct below.
Louis Vuitton
Tag Heuer
Tiffany & Co
Sephora
Nocibé
Hublot
Bvlgari
Le Progrès
L'oréal
Veuve Clicquot
Too Faced
Celine
Erborian
Hermès
Rolex
Air France
Ruinart
Dinh Van
Cheval Blanc
Four seasons
Prada
Ferragamo
Yves Saint Laurent
Chanel
Fenty Beauty
Givenchy
Balenciaga
Gucci
Acqua di Parma
Loro Piana
 
Statistiques - réponses
Réponse % Correct
Louis Vuitton
100%
Sephora
26%
Tag Heuer
21%
Veuve Clicquot
21%
Tiffany & Co
16%
Bvlgari
11%
Fenty Beauty
11%
Givenchy
11%
Ruinart
11%
Celine
5%
Cheval Blanc
5%
Loro Piana
5%
Prada
5%
Acqua di Parma
0%
Four seasons
0%
Hublot
0%
Aucun quiz correspondant
Distribution des résultats
% des personnes avec chaque résultat
Percentile par nombre de réponses
Votre historique - résultats
Vous n’avez pas pris ce quiz